000 00453nam a2200169Ia 4500
003 GCL
008 140319s9999 xx 000 0 eng d
040 _aGCL /
_cGCL
082 0 4 _a005.754
_bB C
100 1 _aBOBOLA, DANIEL T.
245 1 0 _aTHE COMPLETE IDIOT'S GUIDE TO: NETWORKING /
_cBOBOLA, DANIEL T.
260 _a[S.N] :
_bALPHA BOOKS ،
_c1995
300 _a324 P
650 0 4 _aCOMPUTER
650 0 4 _aCOMPUTER - PROGRAMMING
942 _2ddc
_cBK
999 _c10639
_d10639